00505nam a2200157 a 4500008004100000020001500041050001600056100002500072245008800097250001200185260003500197300002100232350000900253650003400262650005100296120416s1983 ||||||||||||||||| || u a090543532x aHG 4014 Bro aBrockington, Raymond10aFinancial management: an instructional manual for business and accountancy students a3rd ed. aHantsbD.P. Publicationsc1983 avi, 554p. : ill. a0.00 0aFINANCE--DEVELOPING COUNTRIES aCORPORATIONS--FINANCE--HANDBOOKS, MANUALS, ETC